Inflation, uncertainty, and growth in Colombia

Enregistré dans:
Détails bibliographiques
Auteur principal: Ma, Henry
Format: Livre
Langue:anglais
Publié: Washington IMF 1998
Collection:IMF working paper WP/98/161
Sujets:
Tags: Ajouter un tag
Pas de tags, Soyez le premier à ajouter un tag!

MARC

LEADER 00000nam a2200000 4500
001 c106911
005 20250509104015.0
041 0 |a eng 
044 |a US 
245 1 0 |a Inflation, uncertainty, and growth in Colombia  |c Prepared by Henry Ma 
264 1 |a Washington  |b IMF  |c 1998 
300 |a 30 s. 
490 1 |a IMF working paper  |v WP/98/161 
830 0 |a IMF working paper  |v WP/98/161 
610 2 0 |a inflácia 
610 2 0 |a rast hospodársky 
610 2 0 |a ceny 
610 2 0 |a modely 
610 2 0 |a Kolumbia 
100 1 |a Ma, Henry